000
00304 a2200109 4500
001
ART_19078
005
20260410161921.0
008
260409a
245
1
0
_a
Actualidad laboral
100
1
_a
Rubio, Valentín
773
0
_t
La información
_g
- Tomo XXXIX, Nº 589 (ene. 1979)
_w
REV14902
999
_c
27673
_d
27673